| 000 | 00651nam a2200181Ia 4500 | ||
|---|---|---|---|
| 008 | 151018s9999 xx 000 0 und d | ||
| 082 |
_bRBASDV9757 _a891.464 |
||
| 100 | _aवा शि आपटे | ||
| 245 | _aव्यक्तिमत्व कसे सुधारावे | ||
| 250 | _b1 | ||
| 260 |
_bसरिता प्रकाशन _c1975 |
||
| 300 | _a104 | ||
| 600 | _aवा शि आपटे | ||
| 630 | _aव्यक्तिमत्व कसे सुधारावे | ||
| 700 | _aवा शि आपटे | ||
| 730 | _aव्यक्तिमत्व कसे सुधारावे | ||
| 942 | _cBOOK | ||
| 999 |
_c1012121 _d1012118 |
||